[Event "Hoogovens-B"]
[Site "Wijk aan Zee"]
[Date "1998.01.22"]
[Round "3"]
[White "Xie, Jun"]
[Black "Blees, Albert"]
[Result "1-0"]
[WhiteElo "2485"]
[BlackElo "2445"]
[Annotator "Ribli,Z"]
[PlyCount "57"]
[EventDate "1998.01.20"]
[EventType "tourn"]
[EventRounds "11"]
[EventCountry "NED"]
[EventCategory "10"]
[SourceTitle "CBM 063"]
[Source "ChessBase"]
[SourceDate "1998.03.26"]
[SourceVersion "1"]
[SourceVersionDate "1998.03.26"]
[SourceQuality "1"]

1. e4 c5 2. Nf3 e6 3. d4 cxd4 4. Nxd4 a6 5. Bd3 Qc7 6. O-O Nf6 7. Kh1 {Ein
selten gespielter Abwartezug. Dieser prophylaktische Zug ist üblich in
sizilianischen Hauptvarianten, um Unannehmlichkeiten auf der Diagonalen a7-g1
zu vermeiden. Ribli.} (7. c4 Nc6) (7. Qe2) 7... Bc5 8. Nb3 Be7 (8... Ba7 9. Nc3
(9. f4 d6 10. a4 h5 11. Nc3 Nc6 12. Be2 Bd7 13. Bf3 e5 14. Nd5 Nxd5 15. exd5
Nd4 16. fxe5 dxe5 17. Nxd4 Bxd4 18. d6 Qxd6 19. c3 Bc5 20. Bxb7 Qxd1 21. Rxd1
Ra7 {Campora,D-Robovic,S/Bern op 1993/1/2-1/2 (45)}) 9... d6 10. Bg5 Nbd7 11.
Qd2 h6 12. Be3 Bxe3 13. Qxe3 b5 14. Rad1 O-O 15. Rd2 Bb7 16. a3 d5 17. exd5
Nxd5 18. Nxd5 Bxd5 19. f4 Rac8 20. Rfd1 Nf6 21. Nd4 Bc4 22. Qf3 Bxd3 {1/2-1/2
Rodriguez,A-Zapata,A/Yopal 1997}) 9. Nc3 (9. f4 d6 10. Nc3 (10. N1d2 Nbd7 11.
Nf3 b6 12. Qe2 e5 13. Bd2 Bb7 14. Bc3 O-O 15. Rae1 Rfe8 16. Nbd2 b5 17. a4 bxa4
18. fxe5 dxe5 19. Nc4 Bf8 20. Ra1 Bc6 {0-1 Brendel,O-Bischoff,K/Dortmund op-A
1993 (40)}) 10... Nc6 11. Qf3 g6 12. Be3 Rb8 13. a4 b6 14. Nd4 Nb4 15. e5 Nd7
16. exd6 Qxd6 17. Bc4 O-O 18. Rad1 Qc7 19. Bb3 Qb7 20. Qh3 Nc5 21. Qh6 Nxb3 22.
cxb3 Bd7 23. Rf3 f6 24. Rg3 Rf7 {0-1 Susnik,M-Tratar,M/Bled op18th 1997 (60)})
9... b5 10. f4 h5 $6 {Schwarz steht nicht aktiv genug für diesen agressiven
Zug. Die Partiefortsetzung führt zwar zu großen Komplikationen, aber Weiß hat
bessere Aussichten.} (10... d6 11. e5 Nfd7 $5 (11... dxe5 12. fxe5 Nfd7 (12...
Qxe5 13. Qf3 Ra7 14. Bf4 $18) 13. Qf3 $18 {[%csl Rf7][%cal Rf1f7,Rf3a8]})) (
10... b4 $5 11. Ne2 Bb7 12. e5 Ne4 $11 (12... Nd5 13. Ng3 $36)) 11. e5 Ng4 12.
Ne4 Bb7 13. Bd2 $5 $14 {[%csl Ya5,Re8] In einigen Varianten droht Na5 mit
Sicherung des Läuferpaares oder Ba5.} Nc6 14. Qe1 g5 $5 {Noch eine
zweifelhafte Fortsetzung. Aber es ist wahr, Schwarz kann nicht mehr "normal"
spielen, denn seine Stellung ist ruiniert.} (14... O-O-O 15. a4 b4 16. c3 $16 {
[%cal Gc1c8]}) (14... f5 15. exf6 (15. Nec5 $2 Ncxe5 16. Nxb7 Nxd3 17. cxd3
Qxb7 $17) 15... gxf6 16. Nec5 $16 {[%csl Re8]}) (14... O-O 15. Qg3 $36) 15. Na5
$5 (15. Nec5 Ncxe5 16. fxe5 (16. Nxb7 Nxd3 17. cxd3 Qxb7 18. fxg5 $13) 16...
Bxc5 17. Nxc5 Qxc5 18. Bxg5 Rg8 $15 {[%csl Rh1]}) 15... Nxa5 (15... gxf4 16.
Nd6+ (16. Nxb7 Qxb7 17. Bxf4 Ncxe5 $15) 16... Bxd6 17. exd6 Qb6 18. Nxb7 Qxb7
19. Bxf4 $14) 16. Bxa5 Qc6 17. fxg5 (17. Bb4 gxf4 18. Bxe7 Kxe7 19. Qb4+ Kd8
$13) (17. Bc3 $5 $14) 17... Qd5 $6 (17... Nxe5 18. Bc3 d6 (18... Qd5) (18...
Nxd3 19. cxd3 Rf8 20. Qf2 $16 {[%csl Re8]}) 19. Qf2 Rf8) 18. Bc7 $1 Nxe5 (18...
Rc8 $5 19. Bd6 Nxe5 20. Bxe7 (20. Bxe5 $2 Qxe5 21. Nf6+ Bxf6 $17) 20... Kxe7
21. Qf2 $14 {[%csl Re7]} (21. Qb4+ d6 22. Rad1 Rhd8 $13 (22... Nxd3 $2 23. Rxd3
Qxe4 24. Qxd6+ Ke8 25. Qd7+ $18))) 19. Qc3 Ng6 (19... d6 $2 20. Bxd6 Bxd6 21.
Nf6+ $18) 20. Rf2 {Weiß verteidigt seinen Bauern auf g2 und entfesselt so den
e4-Springer.} (20. Bd6 $5 Bxg5 21. Qg7 {[%csl Re8][%cal Rg7f7]} e5 (21... O-O-O
22. Qc3+ Bc6 (22... Qc6 23. Nxg5 $18) 23. Qa5 $18) 22. Rf5 $16) 20... e5 (20...
Rc8 21. Nf6+ Bxf6 22. Qxf6 Rxc7 23. Bxg6 $18) 21. Bd6 $16 Qc6 (21... Rc8 22.
Bxe7 (22. Qb4 $16) 22... Rxc3 (22... Kxe7 23. Qb4+ d6 24. Nxd6 Qxd6 25. Rxf7+
$18) 23. Nf6+ Kxe7 24. Nxd5+ Bxd5 25. bxc3 Nf4 $44 {[%csl Rc2,Rc3,Gd5,Gf4,Rh1]
Weiß hat eine Qualität mehr, aber viele Bauernschwächen.}) 22. Bxe5 Qxc3 23.
Bxc3 {Schwarz hat nicht nur einen Minusbauern, sondern eine Stellung mit zu
vielen Schwächen. Auch sein König steht schlecht.} O-O 24. Nf6+ Bxf6 25. Rxf6
Rac8 (25... Nh4 26. Bh7+ Kg7 (26... Kxh7 27. Rh6+ Kg8 28. Rh8#) 27. Rg6+ Kxh7
28. Rh6+ Kg8 29. Rh8#) 26. Bxg6 fxg6 27. Rxg6+ $18 {Schwarz kann nichts machen,
um seinen König zu verteidigen.} Kf7 28. Rg7+ Ke6 (28... Ke8 29. Re1+ Kd8 30.
Ba5+ $18) 29. Re1+ {und Schwarz gab auf, denn er verliert mindestens einen
dritten Bauern. Ribli.} 1-0

[Event "GER CupT final"]
[Site "Baden-Baden"]
[Date "2002.03.10"]
[Round "2.1"]
[White "Svidler, Peter"]
[Black "Epishin, Vladimir"]
[Result "1-0"]
[WhiteElo "2688"]
[BlackElo "2599"]
[Annotator "Ribli,Z"]
[PlyCount "101"]
[EventDate "2002.03.08"]
[EventType "team"]
[EventRounds "2"]
[EventCountry "GER"]
[SourceTitle "CBM 088"]
[Source "ChessBase"]
[SourceDate "2002.03.21"]
[SourceVersion "1"]
[SourceVersionDate "2002.03.21"]
[SourceQuality "1"]
[WhiteTeam "Baden Oos"]
[BlackTeam "Luebeck"]
[WhiteTeamCountry "GER"]
[BlackTeamCountry "GER"]

1. e4 c5 2. Nf3 e6 3. d4 cxd4 4. Nxd4 a6 {GM Epishin spielt gern die
Paulsen-Variante.} 5. Bd3 Bc5 6. Nb3 Be7 7. Qg4 {Dieser Zug provoziert den
schwarzen Königsflügel.} (7. c4) 7... g6 8. Qe2 d6 9. a4 $5 (9. O-O Nd7 10. Kh1
(10. Nc3 Ne5 11. a4 Nf6 12. a5 O-O 13. Na4 Bd7 14. Nb6 Rb8 15. Kh1 {1/2-1/2
Naiditsch,A-Epishin,V/Bad Zwesten GER 2002/(15)}) (10. f4 Qc7 11. a4 (11. Nc3
Ngf6 12. Bd2 b6 13. Rae1 Bb7 14. e5 Nh5 15. exd6 Bxd6 16. Ne4 O-O {0-1 Borisek,
J-Korneev,O/Nova Gorica SLO 2002/(38)}) 11... b6 12. Nc3 Bb7 13. Bd2 Ngf6 14.
Rae1 O-O 15. f5 exf5 16. exf5 Rfe8 17. fxg6 hxg6 18. Ne4 Nxe4 19. Bxe4 Bh4 {
0-1 Stefansson,H-Korneev,O/Reykjavik ISL 2002/(28)}) 10... Qc7 11. a4 (11. Nc3
h5 12. f4 Ngf6 13. e5 dxe5 14. fxe5 Qxe5 15. Qf3 h4 16. Qh3 g5 17. Bf5 Nh5 {
0-1 Handke,F-Agrest,E/Stockholm SWE 2002/(34)}) 11... b6 12. Nc3 Bb7 13. Be3 h5
14. f4 Ngf6 15. Rf3 Ng4 16. Bd2 g5 17. fxg5 Nde5 18. Rh3 Qd8 19. Nd1 Bxg5 20.
Ne3 Bxe3 {51 moves. 1/2-1/2 Krzesaj,R-Anuszkiewicz,K/Polanica Zdroj 2001/EXT
2002 (20)}) (9. c4 b6 10. Nc3 Bb7 11. O-O Nd7 12. f4 Qc7 13. f5 Ngf6 14. fxe6
fxe6 15. Nd4 Qc5 16. Be3 Qe5 17. Nf3 Qh5 {1/2-1/2 Holzke,F-Kveinys,A/Germany
2000/CBM 74 ext (34)}) 9... Nc6 $6 {Ein automatischer Entwicklungszug, der
Weiß zu Raumvorteil kommen lässt.} (9... b6 $142 $5 {Meiner Meinung nach
verdient dieser Zug den Vorzug gegenüber dem Textzug.}) 10. a5 {[%csl Yb6]} Nf6
11. Nc3 {[%cal Gc3a4,Ga4b6]} O-O 12. O-O Re8 13. Be3 $14 {[%cal Ge3b6] Weiß
hat die Kontrolle über das Feld b6 und zudem mehr Raum.} Bf8 14. Na4 {[%cal
Ga4b6]} Bg7 15. Nb6 {[%csl Gb6]} Rb8 16. c3 {Ein kleiner, aber guter Zug - in
der Folge kommt dadurch der Bg7 nicht so stark zur Geltung.} Bd7 (16... Ne5 17.
f4 (17. Bc2 $14) 17... Nxd3 18. Qxd3 {[%csl Gb6][%cal Gd3d6]}) 17. Rfd1 {
[%cal Gd1d8]} Ne5 18. Bc2 Qc7 19. h3 {Weiß erobert das Feld g4 und droht jetzt
schon 20.f4.} Bb5 20. Qd2 {Weiß hat die aktivere Figurenstellung. Der Pd6 ist
prinzipiell schwach.} d5 $6 {Schwarz möchte aktiv spielen, muss dafür aber
einen isolierten Bauern in Kauf nehmen.} (20... Red8 21. Nd4 Be8 $14) 21. exd5
Nxd5 22. Nxd5 exd5 23. Bf4 {[%cal Gf4b8] Natürlich nimmt Svidler nicht auf d5.
Weiß hat nun dauerhaften Vorteil erreicht: er kontrolliert das Feld d4 und der
schwarze Pd5 ist schwach.} (23. Qxd5 $6 Nc4 $44) 23... Rbd8 24. Nd4 {[%csl Gd4]
[%cal Gd4b5][%mdl 32] Wenn man gegen einen isolierten Bauern spielt, ist es
immer wichtig, das Feld vor dem Bauern zu kontrollieren. Jetzt muss Schwarz
immer mit Nxb5 rechnen.} Qc5 25. b4 {Mit diesem Zug schwächt Weiß freiwillig
das Feld c4, aber das ist hier nicht von großer Bedeutung.} Qc8 26. Bg5 Nc4 (
26... Rd6 $14) 27. Qf4 f6 28. Bh6 Nd6 (28... g5 29. Qf5 Qxf5 30. Nxf5 $14) 29.
Bxg7 Kxg7 30. Rac1 {30...Qxc3 scheitert natürlich an 31.Bxg6.} Bc4 31. Re1 Qd7
32. h4 $1 {[%csl Gd4,Gf4,Gh4][%cal Gh4h5,Gc2h7] Weiß hat spürbaren
positionellen Vorteil.} h5 33. f3 {Schritt für Schritt verbessert Weiß seine
Stellung - der Pf3 steht gut, denn er kontrolliert das Feld e4 Feld. Später
kann Weiß evtl. g2-g4 ziehen.} Rxe1+ 34. Rxe1 Re8 35. Qg3 Rxe1+ 36. Qxe1 {
Das Material ist reduziert, aber Weiß hat positionellen Vorteil. Der Nd4 steht
ausgezeichnet, es droht eventuell 37.Qg3.} Kf7 {Sonst kann Weiß Ne6 spielen.}
37. Qe3 {[%cal Ge3h6]} Qe8 38. Qxe8+ (38. Qh6 $2 Qe1+ 39. Kh2 Qxh4+ $11) 38...
Nxe8 {[%mdl 4096] Das Material wird weiter reduziert, dennoch behält Weiß
seine Chancen Die schwarze Bauernstellung am Königsflügel ist schwach.} 39. g4
Ng7 (39... hxg4 40. fxg4 $16 {[%cal Gh4h5]}) 40. Kf2 g5 $2 $138 (40... Ne8) 41.
gxh5 Nxh5 42. hxg5 fxg5 43. Bf5 $1 $16 {[%csl Rb7][%cal Gf5c8,Gc8b7] Es droht
44.Bc8. Schwarz hat keine ausreichende Verteidigung mehr.} Ke7 44. Bc8 Kd6 45.
Bxb7 Nf4 (45... Kc7 46. Bc6 $16) 46. Bc8 Nd3+ 47. Ke3 Nf4 48. b5 $1 $18 {
Dieser Bauernvorstoß gewinnt sofort.} Bxb5 (48... axb5 49. a6 $18) 49. Nxb5+
axb5 50. a6 d4+ 51. Kxd4 1-0

[Event "RUS-ch 54th"]
[Site "Elista"]
[Date "2001.05.08"]
[Round "8"]
[White "Lastin, Alexander"]
[Black "Kobalia, Mihail"]
[Result "1-0"]
[WhiteElo "2627"]
[BlackElo "2590"]
[Annotator "Ribli,Z"]
[PlyCount "57"]
[EventDate "2001.04.29"]
[EventType "swiss"]
[EventRounds "9"]
[EventCountry "RUS"]
[SourceTitle "CBM 083"]
[Source "ChessBase"]
[SourceDate "2001.07.05"]
[SourceVersion "1"]
[SourceVersionDate "2001.07.05"]
[SourceQuality "1"]

1. e4 c5 2. Nf3 e6 3. d4 cxd4 4. Nxd4 a6 5. Bd3 Qc7 {Schwarz zieht (noch)
nicht d7-d6, um evtl. noch Bc5 spielen zu können.} 6. O-O Nf6 7. Qe2 {Droht 8.
e5, nun muss Schwarz d7-d6 ziehen.} (7. c4 Nc6 8. Nxc6 dxc6 9. f4 e5 10. Kh1
$13 (10. f5 Bc5+ $11)) 7... d6 (7... Bc5 8. Nb3 Ba7 9. e5 Nd5 10. c4 Nb4 11.
Bf4 $14) 8. c4 g6 {Schwarz möchte den Läufer auf der großen Diagonalen
platzieren.} (8... Be7 9. Nc3 O-O 10. Kh1 Nbd7 11. f4) 9. Nc3 Bg7 10. Rd1 O-O
11. Nf3 {Dieser auf den ersten Blick ein wenig unnatürlich scheinende Plan ist
in der Tat die stärkste Fortsetzung. Anschließend möchte Weiß mit Bf4 die
Schwäche des Pd6 ausnutzen.} Nbd7 $6 {Meines Erachtens ist das nicht die beste
Fortsetzung für Schwarz. Ich empfehle 11...Nc6, wonach der direkte Läuferzug
12.Bf4 mit 12...e5 beantwortet werden kann, mit schwarzem Gegenspiel.} (11...
Ng4 12. Bf4 $14) (11... Nc6 $5 12. h3 $14 (12. Bf4 e5 13. Be3 Bg4 $11)) 12. Bf4
{Der Unterschied zwischen 11...Nbd7 und 11...Nc6 besteht darin, dass Weiß nach
Nbd7 schneller vorankommt, er muss nicht erst mit h3 ein Tempo verlieren.} Ng4
13. Rac1 {[%cal Gc1c7]} b6 14. Qd2 {[%csl Rd6][%cal Gd1d7]} Nde5 (14... Bb7 $5
{In dieser Variante setzt Schwarz nicht auf die Verteidigung des Pd6, sondern
setzt darauf, dass nach einem Zug des Bd3 entweder der Pe4 oder der Pc4
angreifbar wird.}) 15. Be2 Rd8 (15... Nxf3+ 16. gxf3 (16. Bxf3 Ne5 17. Qxd6
Qxd6 18. Rxd6 Nxc4 $132) 16... Ne5 17. Qxd6 $16) 16. Bg5 {Weiß hat eine
angenehme Stellung erreicht. Schwarz hat Qual der Wahl: Entweder er spielt 16..
.Rd7, wonach der Turm unglücklich steht. Oder aber er schwächt mit 16...f6
seinen Königsflügel.} f6 (16... Rd7 17. Nd4 h6 18. Bh4 g5 19. Bg3 Bb7 20. h4
gxh4 21. Bxh4 Kh7 22. Nd5 exd5 23. cxd5 Qb8 24. f4 Qg8 25. Nf5 {1-0 Lastin,
A-Shaposhnikov,E/Moscow 1999/CBM 75 (38)}) 17. Nxe5 Nxe5 18. Be3 $14 {[%mdl 4]
Weiß hat spürbar Raumvorteil und eine gesunde Stellung. Der schwarze Bg7
hingegen ist eingeschlossen, und die schwarzen Bauern - besonders der Pb6 und
der Pd6 - sind schwach.} Rb8 (18... Bb7 19. Na4 $16 {[%csl Rb6]}) 19. b3 Nf7 {
Schwarz verteidigt den Pd6 und verhindert, dass der weiße Hauptplan f4 mit
Tempo kommt.} (19... Bb7 20. f4 Nf7 21. f5 $36) 20. f4 f5 {Dieser Zug scheint
logisch, weil er die Diagonale des Bg7 wieder öffnet und das mögliche f4-f5
verhindert. In der Folge jedoch bekommt Weiß starken Druck. Ich meine, dass
Schwarz hier besser hätte abwarten sollen.} (20... Bb7 21. f5 $36) (20... Bd7
$5 $14) 21. exf5 gxf5 (21... exf5 $2 22. Nd5 Qa7 23. Nxb6 Rxb6 24. Qa5 $18) 22.
Bh5 $1 {[%csl Rc8][%mdl 2048] Der Bc8 stellt Schwarz vor schwierige
Entwicklungsprobleme - auf 22...Bd7 folgt 23.Bxf7+ mit Eliminierung der
wichtigsten Verteidigungsfigur des Pd6.} Nh8 (22... Bb7 23. Qf2 Bc6 (23... Ba8
24. Na4 $16) 24. Nd5 $1 {[%cal Gc1c7]}) 23. Na4 $16 {Es droht empfindlich 24.
Qf2 mit Eroberung des Pb6.} Ng6 (23... Bd7 24. Qxd6 Qxd6 25. Rxd6 Bxa4 26.
Rxd8+ Rxd8 27. bxa4 Bd4 28. Kf2 $16) 24. Qf2 {[%csl Rb6] Weiß gewinnt den
wichtigen Pb6.} Qe7 25. Bxb6 (25. Nxb6 $16) 25... Re8 26. c5 dxc5 (26... d5 27.
c6 $18) 27. Bxc5 Qf7 28. Bd6 Rb5 (28... Rb7 29. Nb6 $18 {[%cal Rh5f3,Rf3b7]})
29. Rc7 $18 {[%cal Rc7f7]} (29. Rc7 Bd7 (29... Qf6 30. Nb6 $18 {[%csl Rc8]})
30. Nc5 $18) 1-0

[Event "Rubinstein Memorial 34th"]
[Site "Polanica Zdroj"]
[Date "1997.08.20"]
[Round "2"]
[White "Kaminski, Marcin"]
[Black "Rublevsky, Sergei"]
[Result "0-1"]
[WhiteElo "2540"]
[BlackElo "2650"]
[Annotator "Ribli,Z"]
[PlyCount "72"]
[EventDate "1997.08.19"]
[EventType "tourn"]
[EventRounds "11"]
[EventCountry "POL"]
[EventCategory "16"]
[SourceTitle "CBM 061"]
[Source "ChessBase"]
[SourceDate "1997.11.23"]
[SourceVersion "1"]
[SourceVersionDate "1997.11.23"]
[SourceQuality "1"]

1. e4 {Ftacnik Rublevsky} c5 2. Nf3 e6 3. d4 cxd4 4. Nxd4 a6 5. Bd3 Nf6 6. O-O
d6 7. f4 {Die andere Hauptfortsetzung ist 7.c4.Ribli.} Nbd7 8. Nb3 $146 {
Dieser Zug gefällt mir nicht. In einigen Varianten kann Schwarz zwar mit
Tempogewinn e6-e5 spielen, aber der Springer hat auf b3 keine Zukunft.} (8. Qf3
Nc5 9. Be3 Be7 10. Nc3 Nxd3 11. cxd3 O-O 12. Rad1 Nd7 13. Qg3 Bh4 14. Qh3 Bf6 {
1/2-1/2 Stean,M-Gheorghiu,F/Buenos Aires olm 1978/MCD-ol (27)}) (8. Qe2 Nc5 9.
Kh1 Be7 10. c4 Nxd3 11. Qxd3 O-O 12. Nc3 Nd7 13. b3 Re8 14. Bb2 Bf8 {Sax,
G-Gheorghiu,F/Baile Herculane zt 1982/MCD-r8/1-0 (41)}) (8. Kh1 $5 Be7 (8... g6
9. Nd2 (9. Qe1 Bg7 10. Nf3 O-O 11. Nc3 Qc7 12. Qh4 b5 13. f5 Bb7 14. Bh6 Rae8
15. Ng5 Nh5 {1/2-1/2 Pavlov,M-Adamski,J/Halle 1981/MCL 03 (27)}) 9... Bg7 10.
f5 e5 11. N4b3 O-O 12. fxg6 hxg6 13. Nc4 Qc7 14. Bg5 b5 15. Ne3 Bb7 16. Nd2 d5
{1/2-1/2 Tseshkovsky,V-Prokopchuk,E/MK Cafe op 1997 (26)}) (8... b5 9. a4 bxa4
10. Nc3 Bb7 11. f5 e5 12. Nde2 (12. Nf3 Nc5 (12... Be7 $5) 13. Bg5 Be7 14. Bxf6
Bxf6 15. Qe2 O-O 16. Bc4 Qb6 17. Rab1 Qb4 18. Nd5 Bxd5 19. Bxd5 Rab8 20. g4 h6
21. h4 Be7 22. g5 $40 {1-0 Kotsur,P-Pugachov,A/Kurgan 1995 (26)}) 12... Nc5 13.
Ng3 h5 14. Bg5 h4 15. Nh5 h3 $13 {1/2-1/2 Vorontsov,N-Rublevsky,S/Kurgan 1995 
(34)}) (8... Nc5 {Ftacnik} 9. Qe2 Be7 10. c4 Nxd3 11. Qxd3 O-O 12. Nc3 Nd7 13.
Be3 Re8 14. Rad1 Bf8 15. Nf3 Qc7 16. Bd4 b6 17. e5 Bb7 18. Ng5 f5 19. exd6 Qc6
20. Rd2 h6 21. Nf3 Qxd6 {Cuartas,C-Gheorghiu,F/Biel/1982/0-1 (51)}) 9. Nc3 O-O
10. Qf3 Nc5 11. Be3 Qc7 12. Rae1 b5 13. a3 Bb7 14. Qh3 Nxd3 15. cxd3 Rfe8 16.
Nf3 Bf8 17. f5 e5 {1/2-1/2 Lau,R-Pritchett,C/BL 1993}) (8. Nf3 $5 {Dieser
Springerzug erscheint mir viel logischer als die Partiefortsetzung.} b5 9. Qe2
Bb7 10. Nbd2 e5 11. Kh1 Be7 12. a4 exf4 13. axb5 axb5 14. Rxa8 Qxa8 15. Bxb5
O-O 16. Nd4 Re8 17. Rxf4 Bf8 18. Qf1 {1-0 Bielczyk,J-Filipowicz,A/POL-ch 1980/
MCL 04 (38)}) (8. Nc3 Qb6 $6 {Ftacnik} 9. Be3 Qxb2 10. Ndb5 axb5 11. Nxb5 Ra5
12. Rb1 Rxb5 13. Rxb2 Rxb2 14. Qa1 Rb6 15. Bxb6 Nxb6 16. Qc3 $14 {1-0 Anand,
V-Kasparov,G/Tilburg 1991/CBM 26 (28)}) 8... g6 {פb3} (8... Be7) (8... b6 {
Ftacnik} 9. c4 Bb7 10. Nc3 Qc7 11. Be3 g6 12. a4 Nc5 13. a5 Nfd7 14. axb6 Qxb6
15. Nxc5 dxc5 16. Rf2 Be7 17. Bc2 $16 {Dolmatov,S-Ionescu,Co/Bucuresti/1981/})
9. N1d2 {Der Springer strebt nach f3. Meiner Meinung nach wäre 8.Nf3 besser
gewesen.Ribli.} (9. Nc3 $142 $11 {Rublevsky}) 9... Bg7 10. Nf3 O-O $11 {
Der schwarze Pd6 ist nur theoretisch eine Schwäche. Weiß hat keinen
Eröffnungsvorteil erreicht.Ribli.} 11. Qe1 (11. e5 dxe5 12. fxe5 Ng4 $17 {
[%csl Re5]}) 11... e5 {Schwarz kann diesen Zug ruhig machen, weil Weiß keinen
Springer auf c3 postiert hat.} (11... b5 12. e5 (12. Bd2 {Ftacnik} Bb7 13. Na5
$14) 12... dxe5 13. fxe5 Ng4 14. Qe4 $18 {[%cal Re4g4,Re4a8]}) (11... b6 {
Ftacnik} 12. e5 Ne8 13. Bd2 Qc7 14. Bb4 Nc5 $11) 12. Kh1 (12. f5 $2 gxf5 13.
exf5 Re8 (13... d5 14. Nxe5 Re8 $17 {[%cal Ge8e1]})) 12... Re8 {[%cal Ge8e1]}
13. fxe5 (13. Qh4 {Ftacnik} Qc7 14. f5 gxf5 $1 15. Bh6 Bxh6 16. Qxh6 fxe4 17.
Nh4 Nf8 18. Qxf6 exd3 19. cxd3 Qe7 $17) 13... dxe5 14. Qh4 (14. Bg5 Qc7 $11)
14... Qc7 15. Bh6 {Auf ersten Blick scheint es, als bekäme Weiß gefährlichen
Angriff am Königsflügel. Aber der Nb3 steht schlecht und der Bd3 ist ohne
Wirkung.} Nh5 (15... b5 16. Ng5 $40) (15... b6 {Ftacnik} 16. Ng5 $1 $40) 16.
Bxg7 Kxg7 17. Ng5 {Weiß provoziert f7-f6.} Ndf6 (17... f6 $6 18. Nh3 {[%csl
Rh5]}) 18. Qf2 (18. Be2 {Rublevsky} h6 $1 19. Bxh5 $140 $2 hxg5) (18. c3 {
Ftacnik} b6) 18... h6 (18... b6 {Ftacnik} 19. a4 Bb7 20. a5 b5 21. Nc5 $14) 19.
Nf3 b6 {פb3} (19... b5 $6 {[%csl Rc5]} 20. a4 b4 21. a5 $14) (19... Be6 20.
Nc5) 20. a4 Be6 $5 {Das ist eine ideale Stellung für den Läufer.} (20... Bb7
21. a5 Nxe4 22. Qxb6 Rac8 $13) 21. Nbd2 $6 (21. Nfd2 $5) (21. a5 bxa5 (21... b5
22. Nc5 {[%csl Gc5]}) 22. Nxa5 Nf4 23. Nxe5 Qxe5 24. Qxf4 Qxb2 $13) 21... Ng4
22. Qg1 (22. Qe2 Nf4 $15) (22. Qe1 {Ftacnik} Nf4 $11) 22... Red8 $15 {[%csl
Rd3,Gd8,Rg1] /\23... Nf4 Schwarz hat eine aktive Stellung, weil die weiße Dame
auf g1 passiv steht und der Bd3 keine Perspektive hat.} (22... Nf4 {Ftacnik}
23. Ra3 $11) 23. g3 {Weiß verhindert das Eindringen des Springers auf f4.} Ngf6
24. Qg2 (24. Qe3 {Ftacnik} Bh3) 24... Nd7 {[%cal Gd7c5]} 25. Qe2 Nc5 {[%csl
Gc5] Der schwarze Springer steht ausgezeichnet auf c5 - er verteidigt a6 und
zielt nach d3 und a4.} 26. Bc4 Bh3 $1 {[%csl Gh3] Schwarz hat gute taktische
Möglichkeiten mit diesem Läufer.} (26... Nf6 27. Bxe6 Nxe6 28. Nc4 Nd4 $15) 27.
Rf2 (27. Rfd1 {Ftacnik} Bd7 28. Bd5 Rac8 29. b3 Nf6 30. c4 $11) 27... Nf6 {
[%csl Rf2][%cal Rf6g4] /\28... Ng4} 28. b4 {Das ist die einzige Gegenchance
für Weiß: Er fischt im Trüben.} (28. Ne1 $2 Rxd2 29. Qxd2 Ncxe4 $19) (28. Ng1 {
Rublevsky} Rxd2 $1) (28. Qe1 {Ftacnik} Bd7 29. b3 Bc6 $15) 28... Nxa4 $1 (28...
Ne6 {[%cal Ge6d4]} 29. Bxe6 Bxe6 30. c4 a5 $15) (28... Ncd7 {Ftacnik} 29. Ng1
Bg4 30. Ngf3 $11) 29. Rxa4 b5 30. Ra5 (30. Bxb5 axb5 31. Rxa8 Rxa8 32. Qxb5 Ng4
(32... Ra1+ {Rublevsky} 33. Ng1 Ng4 34. Rf3 (34. Re2 Rxg1+ $1 35. Kxg1 Qa7+ 36.
Qc5 Qa1+) 34... Rd1 $19 (34... Qxc2 $2 35. Rxf7+ $11) (34... Qc3 $5)) 33. Re2
Qxc2 $17 {[%csl Gc2,Rh1]}) 30... bxc4 31. Rc5 (31. Qxc4 Qxc4 32. Nxc4 Nxe4 33.
Re2 Rd1+ 34. Ng1 Bg4 $5 (34... f5) 35. Re3 (35. Rxe4 $2 Bf3#) 35... Rc8 36. Na3
(36. Nxe5 Bh3 37. Re2 (37. Rxe4 Rxc2 $19 {[%cal Rh3g2]}) 37... Bf1 38. Rxe4
Rxc2 $19 {[%cal Rf1g2]}) 36... f5 37. Rxe5 Bh3) (31. Nxe5 {Ftacnik} Rxd2 $1 32.
Qxd2 Nxe4 33. Qf4 Nxf2+ 34. Qxf2 Rd8 $19) 31... Qb6 $1 (31... Qa7 32. Nxc4 (32.
Nxe5 Rxd2 33. Qxd2 Nxe4 34. Qe2 (34. Rxf7+ Qxf7 $19) 34... Nxf2+ 35. Qxf2 Qb7+
36. Qf3 Rd8 {[%cal Rd8d1]}) (32. Qxc4 Ng4 (32... Nd7 33. Nxe5 Nxe5 34. Qc3 {
[%cal Gc3g7]}) 33. Re2 $13) 32... Ng4 $17) 32. Nxe5 (32. Qxc4 Nd7 $17) (32.
Nxc4 {Ftacnik} Qxb4 33. Rxe5 Ng4 $19) 32... c3 (32... Qxb4 $2 {Ftacnik} 33. Qf3
Rd6 34. Rc7 Rf8 (34... Kg8 35. Rxf7 $16) 35. Nexc4 Bg4 36. Qf4 Re6 37. e5 $18)
33. Qc4 {Rublevsky plays very creatively in the defence, but white pieces are
already well prepared for the decisive attack. Rublevsky spielt sehr kreativ
ii der Verteidigung, aber die weissen Figuren sind schon gut vorbereitet für
den Angriff.} (33. Rxc3 Qd4 $1 {[%cal Rd4c3,Rd4e5]} (33... Qxb4 {Ftacnik} 34.
Qf3 Qd6 35. Nc6 Ng4 (35... Bg4 36. Qg2 $18) 36. Qxf7+ Kh8 37. Nxd8 Nxf2+ 38.
Qxf2 Rxd8 39. Rd3 $18) (33... Rxd2 34. Qxd2 Nxe4 35. Rxf7+ Kg8 36. Qd5 $18) 34.
Rc6 $8 (34. Rc5 {Rublevsky} Qa1+ 35. Nf1 Rd1 36. Kg1 Bxf1 37. Rxf1 Qd4+ 38. Kh1
(38. Kg2 Rd2 $19) 38... Qxe4+ 39. Qxe4 Rxf1+ 40. Kg2 Nxe4 41. Kxf1 Nxc5 $19)
34... Qxe5 35. Rcxf6 Rxd2 36. Rxf7+ Kg8 37. Qxd2 (37. Qc4 Be6 $19) 37... Qa1+
$19) (33. Rc6 {Rublevsky} cxd2 $19) 33... Ra7 34. Qxc3 (34. Ndf3 Rd1+ 35. Ng1
Re7 $17) (34. Nf1 {Ftacnik} Rd1 35. Kg1 Re7 36. Nc6 Re6 $19) 34... Nxe4 $19 35.
Nd7+ (35. Nxe4 {Ftacnik} Rd1+) 35... Nxc3 36. Nxb6 Ne4 (36... Ne4 37. Re2 {
Weiß muß aufgeben, denn er verliert Material.Ribli.} (37. Nxe4 Rd1+ 38. Rf1
Rxf1#) (37. Re2 {Ftacnik} Rxd2 38. Rxd2 Nxd2 $19)) 0-1